[Event "14. Lichtenberger Sommer"]
[Site "14. Lichtenberger Sommer"]
[Date "2015.08.17"]
[Round "4.1"]
[White "Bazarov, Konstantin"]
[Black "Stern, René"]
[Result "0-1"]
[WhiteElo "2321"]
[BlackElo "2536"]
[PlyCount "114"]
[EventDate "2015.??.??"]
[WhiteTeam "Moscow"]
[BlackTeam "SK König Tegel"]

1. d4 Nf6 2. c4 e6 3. Nf3 Bb4+ 4. Bd2 a5 5. Qc2 d6 6. g3 Nbd7 7. Bg2 e5 8. O-O
O-O 9. e4 Re8 10. d5 Nc5 11. Nh4 c6 12. Be3 a4 13. Bxc5 Bxc5 14. Nc3 Qa5 15. a3
Qa6 16. Na2 cxd5 17. cxd5 Bd7 18. h3 Rec8 19. Qd2 Qc4 20. Rfe1 Qb3 21. Nf3 Bb6
22. Nc3 Rc7 23. Rab1 Rac8 24. Qg5 h6 25. Qh4 Ba5 26. Nd2 Qc2 27. Nf1 Bxc3 28.
bxc3 Qxc3 29. Ra1 Qb2 30. Reb1 Qe2 31. g4 b5 32. Re1 Qb2 33. Reb1 Qd4 34. Rd1
Qb6 35. Ne3 Rc3 36. g5 hxg5 37. Qxg5 b4 38. axb4 Qxb4 39. Bf3 Qb6 40. Kh1 Qd8
41. Rg1 Ne8 42. Qh5 a3 43. Kh2 Ra8 44. Ra2 Rb3 45. Rga1 Qf6 46. Bg2 Qf4+ 47.
Kh1 Nf6 48. Qd1 Rc3 49. Qb1 Qh4 50. Qb4 Rac8 51. Rxa3 Rxa3 52. Rxa3 Bxh3 53.
Nf1 Bxg2+ 54. Kxg2 Nxd5 55. Qxd6 Nf4+ 56. Kg1 Qg4+ 57. Rg3 Ne2+ 0-1

[Event "14. Lichtenberger Sommer"]
[Site "14. Lichtenberger Sommer"]
[Date "2015.08.17"]
[Round "4.2"]
[White "Poetsch, Hagen"]
[Black "Schild, Christoph"]
[Result "1-0"]
[WhiteElo "2498"]
[BlackElo "2375"]
[PlyCount "117"]
[EventDate "2015.??.??"]
[WhiteTeam "SF Schöneck"]
[BlackTeam "SK Freiburg-Zähringen 1887 e.V."]

1. e4 e6 2. d4 d5 3. Nc3 dxe4 4. Nxe4 Nd7 5. Nf3 Ngf6 6. Bd3 c5 7. O-O Nxe4 8.
Bxe4 Nf6 9. Bg5 cxd4 10. Nxd4 Be7 11. Bf3 O-O 12. Qd3 Bc5 13. Rad1 e5 14. Nb3
Qxd3 15. cxd3 Bb4 16. a3 Bd6 17. Rfe1 Bg4 18. Bxg4 Nxg4 19. h3 Nf6 20. d4 Rfe8
21. Na5 exd4 22. Nxb7 Bc7 23. Bxf6 gxf6 24. Nc5 Rxe1+ 25. Rxe1 Bb6 26. Nd3 Rc8
27. Rc1 Re8 28. Kf1 Kg7 29. b4 Re6 30. Rc4 Kf8 31. a4 a5 32. bxa5 Bxa5 33. Rxd4
Bc3 34. Rc4 Bd2 35. g4 Ba5 36. Nc5 Re1+ 37. Kg2 Re2 38. Kf3 Ra2 39. Nd3 Ke7 40.
Ke4 Re2+ 41. Kd5 Rd2 42. Re4+ Kd7 43. Rd4 Kc7 44. Rc4+ Kd7 45. Rd4 Kc7 46. Rc4+
Kd7 47. Ke4 Bb6 48. Rb4 Re2+ 49. Kf5 Rd2 50. Rxb6 Rxd3 51. Kxf6 Rxh3 52. Kxf7
h5 53. gxh5 Rxh5 54. Rf6 Ra5 55. Rf4 Rd5 56. Kf6 Kd8 57. Re4 Kd7 58. f4 Kd8 59.
f5 1-0

[Event "14. Lichtenberger Sommer"]
[Site "14. Lichtenberger Sommer"]
[Date "2015.08.17"]
[Round "4.3"]
[White "Von Herman, Ulf"]
[Black "Abel, Dennes"]
[Result "1-0"]
[WhiteElo "2375"]
[BlackElo "2435"]
[PlyCount "81"]
[EventDate "2015.??.??"]
[WhiteTeam "SK König Tegel"]
[BlackTeam "SK Ricklingen"]

1. c4 e6 2. Nf3 d5 3. g3 d4 4. Bg2 c5 5. e3 Nc6 6. exd4 cxd4 7. O-O Nf6 8. d3
Be7 9. Na3 e5 10. Re1 Nd7 11. Nc2 a5 12. Rb1 O-O 13. a3 a4 14. Bd2 Qb6 15. Nb4
Bxb4 16. axb4 Nxb4 17. Bxb4 Qxb4 18. Nxe5 Nf6 19. Nf3 Qb6 20. Qd2 h6 21. Ra1
Be6 22. Re5 Bd7 23. c5 Qc7 24. Rae1 Rfe8 25. Qb4 Bc6 26. Rxe8+ Nxe8 27. Nxd4
Bxg2 28. Kxg2 Nf6 29. Nf5 Rd8 30. d4 Qc6+ 31. Kg1 Kh7 32. Nd6 Rd7 33. Qc3 b6
34. Nc4 Nd5 35. Qc2+ Qg6 36. Qxg6+ fxg6 37. cxb6 Nb4 38. Re6 Nd3 39. Na5 Rxd4
40. b7 Rb4 41. Re8 1-0

[Event "14. Lichtenberger Sommer"]
[Site "14. Lichtenberger Sommer"]
[Date "2015.08.17"]
[Round "4.4"]
[White "Gullaksen, Eirik"]
[Black "Malek, Daniel"]
[Result "1/2-1/2"]
[WhiteElo "2345"]
[BlackElo "2398"]
[PlyCount "55"]
[EventDate "2015.??.??"]
[WhiteTeam "Bergens schakklub"]
[BlackTeam "SK Zehlendorf"]

1. d4 Nf6 2. c4 g6 3. Nc3 d5 4. Nf3 Bg7 5. Qb3 dxc4 6. Qxc4 O-O 7. e4 Nc6 8.
Be2 e5 9. d5 Nd4 10. Nxd4 exd4 11. Qxd4 c6 12. Qd1 Re8 13. O-O Nxe4 14. Nxe4
Rxe4 15. dxc6 Rd4 16. Qb3 bxc6 17. Be3 Be6 18. Qb7 Rd6 19. Bf4 Rd7 20. Qxc6 Rc8
21. Qa6 Bxb2 22. Rad1 Rxd1 23. Rxd1 Qb6 24. Qxb6 axb6 25. Be3 Ra8 26. Bxb6 Rxa2
27. Bf1 Ra1 28. Rxa1 1/2-1/2

[Event "14. Lichtenberger Sommer"]
[Site "14. Lichtenberger Sommer"]
[Date "2015.08.17"]
[Round "4.5"]
[White "Figura, Atila Gajo"]
[Black "Rietze, Clemens"]
[Result "0-1"]
[WhiteElo "2384"]
[BlackElo "2289"]
[PlyCount "102"]
[EventDate "2015.??.??"]
[WhiteTeam "SC Kreuzberg"]
[BlackTeam "SC Rotation Pankow"]

1. Nf3 c5 2. g3 b6 3. b3 Nf6 4. Bb2 e6 5. Bg2 Bb7 6. O-O Be7 7. c4 a6 8. Nc3
Qc7 9. e3 d6 10. d4 cxd4 11. exd4 O-O 12. Rc1 Nbd7 13. Re1 Rfe8 14. d5 e5 15.
Nd2 g6 16. b4 Rad8 17. Qe2 Qb8 18. h4 Bf8 19. Nde4 Nh5 20. Bh3 Bc8 21. Kh2 f5
22. Ng5 Ndf6 23. Qd2 h6 24. Ne6 Bxe6 25. dxe6 Rxe6 26. Nd5 Ree8 27. f4 Bg7 28.
Rcd1 Kh8 29. Qc1 Rc8 30. fxe5 dxe5 31. Nxf6 Nxf6 32. Qc2 Qc7 33. Rc1 e4 34. Qf2
Red8 35. Bxf6 Bxf6 36. h5 Rd3 37. Qf4 Qg7 38. hxg6 Rf3 39. Qd6 Qxg6 40. Rc2 Rd8
41. Qc7 Re8 42. Rg2 Be5 43. Qd7 Rxg3 44. Kg1 Rxg2+ 45. Bxg2 Rg8 46. Re2 Qf6 47.
Kf1 Rd8 48. Qb7 Bg3 49. Bh3 Qa1+ 50. Kg2 Rg8 51. Bxf5 Bf4+ 0-1

[Event "14. Lichtenberger Sommer"]
[Site "14. Lichtenberger Sommer"]
[Date "2015.08.17"]
[Round "4.6"]
[White "Lorenz, Sascha"]
[Black "Kalinitschew, Sergey"]
[Result "1-0"]
[WhiteElo "2222"]
[BlackElo "2410"]
[PlyCount "35"]
[EventDate "2015.??.??"]
[WhiteTeam "SK König Tegel"]
[BlackTeam "SC Kreuzberg"]

1. f4 d5 2. Nf3 g6 3. e3 Bg7 4. Be2 Nd7 5. c4 dxc4 6. Bxc4 Nh6 7. Nc3 O-O 8. e4
c5 9. d3 a6 10. a4 b6 11. h4 Nf6 12. h5 Nxh5 13. f5 Ng4 14. Ng5 Nhf6 15. Nxh7
gxf5 16. Nxf6+ Bxf6 17. Qf3 fxe4 18. Qxe4 1-0

[Event "14. Lichtenberger Sommer"]
[Site "14. Lichtenberger Sommer"]
[Date "2015.08.17"]
[Round "4.7"]
[White "Ferster, Fabian"]
[Black "Brüdigam, Martin"]
[Result "1/2-1/2"]
[WhiteElo "2142"]
[BlackElo "2371"]
[PlyCount "127"]
[EventDate "2015.??.??"]
[WhiteTeam "SK Ottenau"]
[BlackTeam "SK König Tegel"]

1. d4 Nf6 2. c4 e6 3. Nf3 Bb4+ 4. Nbd2 O-O 5. a3 Be7 6. e4 d5 7. e5 Ne4 8. h4
c5 9. Bd3 f5 10. exf6 Nxf6 11. dxc5 Nc6 12. b4 e5 13. cxd5 Nxd5 14. Bc4 Kh8 15.
Ne4 Be6 16. Nfg5 Bg8 17. Nxh7 Nf4 18. Bxg8 Qxd1+ 19. Kxd1 Rfd8+ 20. Kc2 Kxg8
21. Bxf4 exf4 22. Nhg5 a5 23. Kc3 b6 24. Rhd1 Rdc8 25. b5 Na7 26. a4 Bxc5 27.
Nxc5 Rxc5+ 28. Kd4 Rc2 29. f3 Re8 30. Re1 Rd8+ 31. Ke5 Nc8 32. Rad1 Rf8 33. Ne6
Re8 34. Rd8 Rxd8 35. Nxd8 Rxg2 36. Kxf4 Nd6 37. Rd1 Nc4 38. Ne6 Kf7 39. Ng5+
Ke7 40. Rd4 Nd6 41. Ne4 Nxe4 42. fxe4 Rh2 43. Kg3 Rb2 44. Kf3 Rb3+ 45. Kf4 Rh3
46. Rc4 Rxh4+ 47. Kf5 Rh5+ 48. Kg6 Rh1 49. Kxg7 Rg1+ 50. Kh6 Rb1 51. Rc6 Re1
52. Rxb6 Rxe4 53. Kg5 Rxa4 54. Kf5 Kd7 55. Ke5 Kc7 56. Rc6+ Kb7 57. Kd5 Rb4 58.
Kc5 Rb1 59. Rb6+ Kc7 60. Ra6 Rc1+ 61. Kd4 Kb7 62. Rxa5 Kb6 63. Ra3 Kxb5 64. Rc3
1/2-1/2

[Event "14. Lichtenberger Sommer"]
[Site "14. Lichtenberger Sommer"]
[Date "2015.08.17"]
[Round "4.8"]
[White "Berger, Steve"]
[Black "McGowan, Daniel"]
[Result "0-1"]
[WhiteElo "2420"]
[BlackElo "2120"]
[PlyCount "118"]
[EventDate "2015.??.??"]
[WhiteTeam "SK König Tegel"]
[BlackTeam "SF 1903 Berlin"]

1. e4 e6 2. d3 d5 3. Qe2 Nf6 4. Nf3 Be7 5. g3 b6 6. e5 Nfd7 7. Bg2 Bb7 8. h4 h6
9. Bf4 c5 10. c4 d4 11. Nbd2 Nc6 12. Ne4 Nf8 13. h5 Qd7 14. g4 f6 15. a3 O-O-O
16. Bg3 Nh7 17. exf6 gxf6 18. Nh4 Ng5 19. Ng6 Nxe4 20. Bxe4 Rhe8 21. O-O-O f5
22. Nxe7+ Nxe7 23. Bxb7+ Kxb7 24. Bh4 Rc8 25. g5 hxg5 26. Bxg5 b5 27. Rde1 Nc6
28. cxb5 Na5 29. h6 Qxb5 30. h7 c4 31. Qe5 cxd3+ 32. Kb1 Qa4 33. h8=Q Qc2+ 34.
Ka1 Nb3+ 35. Ka2 Qc4 36. Rh7+ Ka8 37. Rc7 Nc5+ 38. Kb1 Qc2+ 39. Ka2 Qc4+ 40.
Ka1 Rxh8 41. Rc1 Nb3+ 42. Kb1 Qa6 43. R1c6 Rh1+ 44. Bc1 Rxc1+ 45. Rxc1 Nxc1 46.
Kxc1 Rxc7+ 47. Qxc7 Qb7 48. Qd8+ Qb8 49. Qd7 a6 50. b4 Qf4+ 51. Kb1 Qe5 52. f4
Qe1+ 53. Ka2 Qd2+ 54. Ka1 Qc1+ 55. Ka2 Qc4+ 56. Kb2 Qc2+ 57. Ka1 d2 58. Qd8+
Kb7 59. Qd7+ Qc7 0-1

[Event "14. Lichtenberger Sommer"]
[Site "14. Lichtenberger Sommer"]
[Date "2015.08.17"]
[Round "4.9"]
[White "Muse, Drazen"]
[Black "Kohler, Thomas"]
[Result "0-1"]
[WhiteElo "2408"]
[BlackElo "2206"]
[PlyCount "97"]
[EventDate "2015.??.??"]
[WhiteTeam "SK König Tegel"]
[BlackTeam "SC Zitadelle Spandau"]

1. d4 Nf6 2. c4 g6 3. g3 Bg7 4. Bg2 O-O 5. Nc3 d6 6. e4 e5 7. Nge2 Nc6 8. d5
Nd4 9. O-O Nxe2+ 10. Qxe2 c6 11. dxc6 bxc6 12. Rd1 Qc7 13. b3 Bg4 14. Bf3 Be6
15. Ba3 Rfd8 16. Rac1 Bf8 17. Rd3 Nd7 18. Rdd1 Nc5 19. b4 Nd7 20. Bg4 f5 21.
exf5 gxf5 22. Bh3 Nf6 23. Nd5 Qf7 24. Nxf6+ Qxf6 25. b5 Rac8 26. Bg2 e4 27. Bb2
Qf7 28. Qe3 Bg7 29. Bxg7 Qxg7 30. bxc6 Rxc6 31. Rd4 Rdc8 32. Rcd1 Bxc4 33. Bh3
Qf6 34. Qf4 Rf8 35. Rxd6 Rxd6 36. Qxd6 Qxd6 37. Rxd6 Bxa2 38. Ra6 Bc4 39. Rxa7
Be6 40. Re7 Bc8 41. Bf1 Rd8 42. Bc4+ Kh8 43. Kf1 Bd7 44. Ke2 Be8 45. Ke3 Bg6
46. Rc7 Rd6 47. h4 Rd8 48. Kf4 Rf8 49. Be6 0-1

[Event "14. Lichtenberger Sommer"]
[Site "14. Lichtenberger Sommer"]
[Date "2015.08.17"]
[Round "4.10"]
[White "Dauth, Benjamin"]
[Black "Rodmacq, Clement"]
[Result "1-0"]
[WhiteElo "2360"]
[BlackElo "2039"]
[PlyCount "101"]
[EventDate "2015.??.??"]
[WhiteTeam "SC Rotation Pankow"]
[BlackTeam "La Diagonale - Eybens"]

1. e4 e5 2. Bc4 Nf6 3. d4 exd4 4. Nf3 Nc6 5. O-O Nxe4 6. Re1 d5 7. Bxd5 Qxd5 8.
Nc3 Qh5 9. Nxe4 Be6 10. Neg5 O-O-O 11. Nxe6 fxe6 12. Rxe6 Bd6 13. Bd2 Rde8 14.
Rxe8+ Rxe8 15. c3 g5 16. h3 dxc3 17. Bxc3 Qg6 18. Nd4 Nxd4 19. Qxd4 Qf5 20.
Qxa7 Rf8 21. Rf1 h5 22. Qa8+ Kd7 23. Qa4+ Kc8 24. Bg7 Rd8 25. Qa8+ Kd7 26. Qxb7
g4 27. Qb3 g3 28. Qa4+ Kc8 29. Qa6+ Kb8 30. Bd4 gxf2+ 31. Bxf2 Qd5 32. Ba7+ Ka8
33. Bc5+ Kb8 34. Bxd6 Rxd6 35. Rf8+ Rd8 36. Rxd8+ Qxd8 37. Qb5+ Kc8 38. Qf5+
Kb8 39. Qe5 Qd2 40. Kh2 h4 41. a4 Qf2 42. b4 Kb7 43. a5 c6 44. Qd6 Qe2 45. Qd7+
Kb8 46. Qd8+ Kb7 47. Qb6+ Ka8 48. Qxc6+ Ka7 49. Qd6 Kb7 50. a6+ Kc8 51. a7 1-0

[Event "14. Lichtenberger Sommer"]
[Site "14. Lichtenberger Sommer"]
[Date "2015.08.17"]
[Round "4.11"]
[White "De Marchi, Olivier"]
[Black "Nowka, Oliver"]
[Result "1-0"]
[WhiteElo "2283"]
[BlackElo "2071"]
[PlyCount "109"]
[EventDate "2015.??.??"]
[WhiteTeam "La Diagonale - Eybens"]
[BlackTeam "Thales (FV Schach)"]

1. d4 d6 2. Nf3 Bg4 3. c4 c6 4. Nc3 Nd7 5. e4 Ngf6 6. Be2 e5 7. O-O Be7 8. Be3
O-O 9. Qd2 Re8 10. Rfc1 exd4 11. Nxd4 Bxe2 12. Ndxe2 Ne5 13. b3 Neg4 14. Bf4
Nh5 15. Rd1 Qb6 16. Ng3 Nxf4 17. Qxf4 Ne5 18. Nf5 Rad8 19. Nxe7+ Rxe7 20. Rd2
Re6 21. Rad1 Qa5 22. Ne2 Ng6 23. Qg4 Rde8 24. Ng3 h5 25. Qxh5 Qxh5 26. Nxh5
Rxe4 27. Kf1 Rh4 28. Ng3 Rxh2 29. Rxd6 Nf8 30. Rd8 Rxd8 31. Rxd8 f6 32. Rb8 b6
33. Rb7 Ne6 34. Rxa7 Nf4 35. Rb7 Rxg2 36. Rxb6 Rh2 37. Rxc6 Nd3 38. Rd6 Rxf2+
39. Kg1 Rf3 40. Ne4 Nc1 41. Rd2 f5 42. Nf2 Rc3 43. Nd1 Rg3+ 44. Kf1 Nd3 45. Rc2
Kf7 46. c5 Ke7 47. Rc4 Ne5 48. Rc3 Rxc3 49. Nxc3 Nd3 50. Nd5+ Ke6 51. Nc7+ Kd7
52. Na6 Nc1 53. b4 Nxa2 54. b5 Kc8 55. c6 1-0

[Event "14. Lichtenberger Sommer"]
[Site "14. Lichtenberger Sommer"]
[Date "2015.08.17"]
[Round "4.12"]
[White "Zur, Jan"]
[Black "Ortmann, David"]
[Result "1/2-1/2"]
[WhiteElo "2103"]
[BlackElo "2302"]
[PlyCount "94"]
[EventDate "2015.??.??"]
[WhiteTeam "SC Rotation Pankow"]
[BlackTeam "SC Böblingen"]

1. e4 e6 2. d4 d5 3. Nd2 Be7 4. Bd3 c5 5. dxc5 Nf6 6. Ngf3 dxe4 7. Nxe4 Nxe4 8.
Bxe4 Qxd1+ 9. Kxd1 Bxc5 10. Ke2 Nd7 11. Rd1 Nf6 12. Bd3 O-O 13. Ng5 b6 14. Ne4
Nxe4 15. Bxe4 Ba6+ 16. Bd3 Bb7 17. f3 Rfc8 18. Be3 Kf8 19. Rd2 Bd5 20. Bxc5+
Rxc5 21. Rad1 Rac8 22. a3 R8c7 23. c3 Ke7 24. Ke3 a5 25. f4 h6 26. Be4 Bb3 27.
Bc2 Bxc2 28. Rxc2 f5 29. Rcd2 Rb5 30. a4 Rbc5 31. Rd6 Rb7 32. R6d4 b5 33. R1d2
g5 34. g3 bxa4 35. Rxa4 Rcb5 36. Ra2 Kf6 37. Kd3 e5 38. fxe5+ Kxe5 39. Re2+ Kf6
40. c4 Rb3+ 41. Kd4 Rd7+ 42. Kc5 Rc7+ 43. Kd4 Rb4 44. b3 Rd7+ 45. Kc3 Rdb7 46.
Rxa5 Rxb3+ 47. Kd4 f4 1/2-1/2

[Event "14. Lichtenberger Sommer"]
[Site "14. Lichtenberger Sommer"]
[Date "2015.08.17"]
[Round "4.13"]
[White "Lerch, Philipp"]
[Black "Hahlbohm, Matthias"]
[Result "1-0"]
[WhiteElo "2302"]
[BlackElo "2069"]
[PlyCount "73"]
[EventDate "2015.??.??"]
[WhiteTeam "SC Kreuzberg"]
[BlackTeam "TSG Oberschöneweide"]

1. c4 c5 2. g3 Nf6 3. Bg2 g6 4. Nc3 Bg7 5. Nf3 Nc6 6. O-O O-O 7. d4 cxd4 8.
Nxd4 a6 9. c5 e5 10. Nb3 h6 11. e4 Qe7 12. Be3 Kh7 13. Qe2 Rd8 14. Nd5 Qf8 15.
Nb6 Rb8 16. Nc4 d5 17. cxd6 Be6 18. Bb6 Rdc8 19. Bc7 b5 20. Ne3 Ra8 21. Nd5 Nd7
22. Rac1 Bxd5 23. exd5 Nd8 24. Na5 f5 25. Nc6 Nf7 26. Ne7 Re8 27. Bh3 e4 28.
Nxf5 Ng5 29. Nxg7 Nxh3+ 30. Kg2 Kxg7 31. Kxh3 Qf7 32. Ba5 Ra7 33. Rc7 Rxc7 34.
dxc7 Qxd5 35. Rd1 Qc6 36. Qg4 Re7 37. Rd6 1-0

[Event "14. Lichtenberger Sommer"]
[Site "14. Lichtenberger Sommer"]
[Date "2015.08.17"]
[Round "4.14"]
[White "Hamann, Carsten"]
[Black "Krefenstein, Sergej"]
[Result "1-0"]
[WhiteElo "2116"]
[BlackElo "2184"]
[PlyCount "59"]
[EventDate "2015.??.??"]
[WhiteTeam "Preetzer TSV"]
[BlackTeam "TuS Makkabi Berlin"]

1. e4 e5 2. f4 exf4 3. Nf3 g5 4. h4 g4 5. Ne5 d6 6. Nxg4 Nf6 7. Nxf6+ Qxf6 8.
Nc3 Nc6 9. Bb5 Kd8 10. Bxc6 bxc6 11. Qf3 Rg8 12. d3 Bh6 13. Qf2 Be6 14. Bd2 Kd7
15. d4 Rab8 16. O-O-O Rg4 17. e5 Qg6 18. h5 Qf5 19. exd6 Rbg8 20. d5 Bxd5 21.
Qxa7 Kxd6 22. Nxd5 cxd5 23. Bb4+ Kd7 24. Qa4+ c6 25. Qa7+ Kc8 26. Qa8+ Kc7 27.
Qa7+ Kc8 28. Bd6 f3+ 29. Kb1 Qd7 30. Qb8# 1-0

[Event "14. Lichtenberger Sommer"]
[Site "14. Lichtenberger Sommer"]
[Date "2015.08.17"]
[Round "4.15"]
[White "Guenther, Thomas"]
[Black "Jahnz, Fabian"]
[Result "1/2-1/2"]
[WhiteElo "2081"]
[BlackElo "2224"]
[PlyCount "46"]
[EventDate "2015.??.??"]
[WhiteTeam "SV Senat (FV Schach)"]
[BlackTeam "SK König Tegel"]

1. d4 d5 2. Nf3 Nf6 3. c4 c6 4. e3 Bg4 5. Qb3 Qb6 6. Ne5 Bf5 7. Bd3 Bxd3 8.
Nxd3 e6 9. O-O Be7 10. Nc3 Nbd7 11. Qxb6 axb6 12. cxd5 exd5 13. Bd2 b5 14. a3
O-O 15. f3 Nb6 16. Rad1 Rfe8 17. Rfe1 Rad8 18. Bc1 Nc4 19. Nf2 b4 20. axb4 Bxb4
21. Nd3 Bxc3 22. bxc3 Ra8 23. Re2 Re7 1/2-1/2

[Event "14. Lichtenberger Sommer"]
[Site "14. Lichtenberger Sommer"]
[Date "2015.08.17"]
[Round "4.16"]
[White "Vogel, Robert"]
[Black "Weber, Sandra"]
[Result "1-0"]
[WhiteElo "2218"]
[BlackElo "1837"]
[PlyCount "91"]
[EventDate "2015.??.??"]
[WhiteTeam "SG Pang-Rosenheim"]
[BlackTeam "SV Stuttgart-Wolfbusch"]

1. d4 Nf6 2. c4 c5 3. d5 b5 4. cxb5 a6 5. bxa6 Bxa6 6. Nc3 g6 7. e4 Bxf1 8.
Kxf1 d6 9. Nge2 Bg7 10. h3 O-O 11. Kg1 Qb6 12. Rb1 Na6 13. Be3 Qb7 14. Kh2 Rfd8
15. Qd2 e6 16. Rhd1 exd5 17. exd5 Re8 18. Kg1 Nd7 19. Bh6 Bh8 20. Ng3 Nf6 21.
Re1 Nb4 22. Rxe8+ Rxe8 23. Rd1 Qa6 24. a3 Nbxd5 25. Nxd5 Nxd5 26. Qxd5 Bxb2 27.
Qxd6 Qxd6 28. Rxd6 Bxa3 29. Ne4 Bb2 30. Nf6+ Bxf6 31. Rxf6 Re1+ 32. Kh2 Re6 33.
Rxe6 fxe6 34. Kg3 Kf7 35. Kf4 c4 36. Ke4 Kf6 37. Kd4 Kf5 38. g4+ Kf6 39. Kxc4
Ke5 40. Kd3 Kd5 41. Ke3 Ke5 42. Bg7+ Kd6 43. Kf4 Kd5 44. f3 e5+ 45. Bxe5 Ke6
46. Bc3 1-0

[Event "14. Lichtenberger Sommer"]
[Site "14. Lichtenberger Sommer"]
[Date "2015.08.17"]
[Round "4.17"]
[White "Federau, Jürgen"]
[Black "Rohde, Wolfgang"]
[Result "1-0"]
[WhiteElo "2121"]
[BlackElo "2164"]
[PlyCount "111"]
[EventDate "2015.??.??"]
[WhiteTeam "SC Kreuzberg e.V."]
[BlackTeam "SC Friesen Lichtenberg"]

1. d4 Nf6 2. c4 g6 3. g3 Bg7 4. Bg2 O-O 5. Nc3 d6 6. e4 Nbd7 7. Nge2 e5 8. O-O
exd4 9. Nxd4 a6 10. h3 Rb8 11. Be3 c5 12. Nde2 b5 13. cxb5 axb5 14. Qxd6 b4 15.
Nd1 Qa5 16. f4 Ba6 17. Re1 Rfd8 18. Nf2 Ne8 19. Qd2 Ne5 20. Qc1 Nc4 21. e5 f6
22. Ng4 fxe5 23. Nxe5 Nxe5 24. fxe5 c4 25. Nd4 Qxe5 26. Nc6 Qb5 27. Nxb8 Qxb8
28. Bf4 Qb6+ 29. Kh1 Nf6 30. Be5 Rc8 31. Qf4 Bb7 32. Bxb7 Qxb7+ 33. Kh2 Nd5 34.
Qd4 Bf8 35. Rad1 Ne7 36. Qd7 Qf3 37. Qe6+ Qf7 38. Qxf7+ Kxf7 39. Bd6 c3 40.
bxc3 bxc3 41. Bxe7 Bxe7 42. Rd7 c2 43. Rc1 h5 44. Rd2 h4 45. gxh4 Rc3 46. Rcxc2
Bd6+ 47. Kg2 Rg3+ 48. Kf1 Be5 49. Re2 Bd4 50. Re4 Bb6 51. Rb4 Rg1+ 52. Ke2 Bd8
53. Kf2 Rd1 54. Kg2 Ke6 55. a4 Ke5 56. Ra2 1-0

[Event "14. Lichtenberger Sommer"]
[Site "14. Lichtenberger Sommer"]
[Date "2015.08.17"]
[Round "4.18"]
[White "Reichenbach, Werner"]
[Black "Mayer, Herbert"]
[Result "1/2-1/2"]
[WhiteElo "2241"]
[BlackElo "1949"]
[PlyCount "64"]
[EventDate "2015.??.??"]
[WhiteTeam "SC Eintracht Berlin"]
[BlackTeam "SC Rochade (Berlin)"]

1. c4 Nf6 2. Nc3 d5 3. cxd5 Nxd5 4. Nf3 g6 5. e4 Nxc3 6. bxc3 Bg7 7. d4 O-O 8.
Be2 c5 9. O-O Nc6 10. d5 Ne5 11. Qb3 Qc7 12. Nd2 Nd7 13. f4 Nb6 14. a4 Bd7 15.
Nc4 Nxc4 16. Bxc4 Qb6 17. Qc2 Kh8 18. Be3 Qc7 19. Rfd1 f6 20. Qd2 Rfd8 21. Qf2
b6 22. Qe2 Bc8 23. h3 Bb7 24. Rd2 Qd7 25. Bb5 Qc7 26. Bc4 Qd7 27. Qf2 Qe8 28.
Qh4 e6 29. dxe6 Bxe4 30. f5 Bxf5 31. Rad1 Rxd2 32. Rxd2 Bxe6 1/2-1/2

[Event "14. Lichtenberger Sommer"]
[Site "14. Lichtenberger Sommer"]
[Date "2015.08.17"]
[Round "4.19"]
[White "Postler, Reinhard"]
[Black "Kutschke, Jens"]
[Result "1-0"]
[WhiteElo "2214"]
[BlackElo "1975"]
[PlyCount "69"]
[EventDate "2015.??.??"]
[WhiteTeam "TSG Oberschöneweide"]
[BlackTeam "SF 1903 Berlin"]

1. e4 e6 2. d4 d5 3. Nd2 Nf6 4. e5 Nfd7 5. f4 c5 6. c3 Nc6 7. Ndf3 Qb6 8. g3
cxd4 9. cxd4 Be7 10. Kf2 g5 11. fxg5 Ndxe5 12. Nxe5 Nxe5 13. Kg2 Nc6 14. Nf3
Bd7 15. Be2 O-O-O 16. Bf4 h6 17. gxh6 Bf8 18. Qd2 f6 19. Rhc1 Be8 20. a3 Bd6
21. b4 Kd7 22. Bxd6 Kxd6 23. Qf4+ Ke7 24. b5 Na5 25. Rc7+ Rd7 26. Rxd7+ Bxd7
27. Ne5 Be8 28. Rf1 fxe5 29. Qf6+ Kd7 30. Qxh8 Qxd4 31. Qg7+ Kd6 32. h7 Qe3 33.
Rf2 Nc4 34. h8=Q Qe4+ 35. Kh3 1-0

[Event "14. Lichtenberger Sommer"]
[Site "14. Lichtenberger Sommer"]
[Date "2015.08.17"]
[Round "4.20"]
[White "Khorolskyi, Borys"]
[Black "Plump, Detlef"]
[Result "1/2-1/2"]
[WhiteElo "1936"]
[BlackElo "2216"]
[PlyCount "103"]
[EventDate "2015.??.??"]
[WhiteTeam "vereinslos"]
[BlackTeam "Bremer SG von 1877"]

1. Nf3 Nf6 2. g3 b5 3. Bg2 Bb7 4. O-O e6 5. b3 c5 6. Bb2 Be7 7. d3 d5 8. e4 d4
9. a4 a6 10. axb5 axb5 11. Rxa8 Bxa8 12. b4 Nc6 13. bxc5 Bxc5 14. Nbd2 e5 15.
Nb3 Bb4 16. Qa1 O-O 17. Rd1 Qb6 18. Nxe5 Bc3 19. Nxc6 Qxc6 20. Nxd4 Bxd4 21.
Bxd4 Qxc2 22. Bxf6 gxf6 23. Qb1 Rc8 24. Qxc2 Rxc2 25. Rb1 Bc6 26. d4 Rd2 27. d5
Bd7 28. h3 Kf8 29. Kf1 Ke7 30. Ke1 Ra2 31. Bf1 Kd6 32. Bxb5 Bxh3 33. Be8 Bg4
34. Bb5 Ke5 35. Rb4 Bf3 36. Bd3 f5 37. exf5 Bxd5 38. Rb5 Kd4 39. Bb1 Ra3 40.
Kd2 Bc4 41. Rb8 Rf3 42. Rd8+ Ke5 43. Ke1 h6 44. Re8+ Kf6 45. Be4 Ra3 46. Rc8
Bd3 47. Bxd3 Rxd3 48. Rc6+ Kg5 49. Ke2 Ra3 50. f6 Rb3 51. Kf1 Rf3 52. Kg2
1/2-1/2